Score 0/24 Timer 05:00
3 Plays Today
% Correct
Elvis Presley
96.2%
Marilyn Monroe
95.5%
James Dean
95%
Marlon Brando
91.2%
Jack Lemmon
88.8%
Fats Domino
86.9%
Desi Arnaz
86%
Doris Day
85.8%
Ritchie Valens
84.3%
Miles Davis
83%
Brigitte Bardot
82.4%
Steve Allen
80.7%
% Correct
William Holden
78.5%
Jerry Lee Lewis
78.4%
Bo Diddley
76.3%
Chuck Berry
74.2%
Lee J. Cobb
73.9%
Kim Novak
71.4%
Rosemary Clooney
70.9%
Grace Kelly
70.6%
Leslie Caron
67.8%
The Big Bopper
64.6%
Dorothy Dandridge
64.5%
Eva Marie Saint
61.5%
Remove Ads.
Support Sporcle.
Get the best of Sporcle when you Go Orange. This ad-free experience offers more features, more stats, and more fun while also helping to support Sporcle. Thank you for becoming a member.

You're not logged in!

Compare scores with friends on all Sporcle quizzes.
OR
Log In

Show Comments

Extras

Top Quizzes Today


Score Distribution

Your Account Isn't Verified!

In order to create a playlist on Sporcle, you need to verify the email address you used during registration. Go to your Sporcle Settings to finish the process.

Report this User

Report this user for behavior that violates our Community Guidelines.

Details: